HOSPITAL AND CLINICAL PHARMACY PRACTICAL NOTE BOOK (Record no. 6154)

MARC details
000 -LEADER
fixed length control field 00479nam a22001817a 4500
005 - DATE AND TIME OF LATEST TRANSACTION
control field 20200318150908.0
008 - FIXED-LENGTH DATA ELEMENTS--GENERAL INFORMATION
fixed length control field 200318b xxu||||| |||| 00| 0 eng d
020 ## - INTERNATIONAL STANDARD BOOK NUMBER
ISBN 9788123914244
041 ## - LANGUAGE CODE
Language code of text/sound track or separate title eng
082 ## - DEWEY DECIMAL CLASSIFICATION NUMBER
Classification number 610
100 ## - MAIN ENTRY--AUTHOR NAME
Personal name SHARMA ,VARUN DUTT
245 ## - TITLE STATEMENT
Title HOSPITAL AND CLINICAL PHARMACY PRACTICAL NOTE BOOK
Statement of responsibility, etc VARUN DUTT SHARMA
250 ## - EDITION STATEMENT
Edition statement 1'ST
260 ## - PUBLICATION, DISTRIBUTION, ETC. (IMPRINT)
Place of publication NEW DELHI
Name of publisher CBS PUBLISHERS
Year of publication 2019
300 ## - PHYSICAL DESCRIPTION
Number of Pages 96 P. ; V
650 ## - SUBJECT ADDED ENTRY--TOPICAL TERM
Topical Term PHARMACY
942 ## - ADDED ENTRY ELEMENTS (KOHA)
Koha item type Books
Holdings
Lost status Damaged status Home library Current library Shelving location Date acquired Source of acquisition Cost, normal purchase price Full call number Accession Number Koha item type Collection code
    JRU Library JRU Library Shelf - 27- F 18/03/2020 PURCHASE 295.00 610 23809 Books  
    JRU Library JRU Library SHELF-4-C 18/03/2020 PURCHASE 295.00 610 23810 Books Reference